000 00470nam a22001337a 4500
082 _a004
100 _aMirza, Natasha Arjumand Shoaib
245 _aZero-Day Attack Detection using Security Information & Event Management (SIEM) /
_cNatasha Arjumand Shoaib Mirza
260 _aIslamabad :
_bMCS - NUST,
_c2013.
300 _a81 p. ;
_c30cm.
650 _aInformation Security-MS-Thesis
_916348
942 _2ddc
_cTHE
999 _c541085
_d541085